Statistics for State Quiz - South Carolina

Click here to take the quiz!

General Stats

  • This quiz has been taken 19,759 times
    (13,697 since last reset)
  • The average score is 13 of 20

Answer Stats

HintAnswer% Correct
Flag removed from the capital in 2015Confederate Battle Flag
87%
Most populous cityCharleston
85%
Capital cityColumbia
85%
South Carolina was the first state to do this...{Secede} from the Union
83%
Pirate who terrorized the area in the 1700s with his ship, Queen Anne's RevengeBlackbeard
76%
What is a palmetto?a Palm Tree
75%
The first battle of the Civil War was at this fortFort Sumter
75%
Most-visited beach town{Myrtle} Beach
72%
What is a Carolina reaper?A hot pepper
68%
Well-known resort island{Hilton} Head
67%
College whose football team were national champions in 2016 and 2018Clemson
62%
Tear-jerker movie starring Ryan Gosling and Rachel McAdamsThe Notebook
62%
Type of bread that hushpuppies are made fromCornbread
59%
George Gershwin opera set in the abovePorgy and {Bess}
57%
Netflix show about South Carolina congressman Frank UnderwoodHouse of Cards
54%
What were Hugo, Hazel, and Isabel?Hurricanes
53%
What is the Carolina shag?a Dance
50%
Military college of South Carolina that first admitted women in 1995The Citadel
46%
Type of "moss" commonly found on a live oak{Spanish} Moss
45%
100 year old Senator who died in 2003Strom Thurmond
43%

Score Distribution

Percentile by Number Answered

Percent of People with Each Score

Your Score History

You have not taken this quiz since the last reset